Boletín informativo /
Descripción Física:
5 vols. enquadernats ; periodicitat: bimestral, semestral (a partir de l'any 1973) ; 23 cm.
MARC
| LEADER | 00000nas a2200000 a 4500 | ||
|---|---|---|---|
| 001 | 13283, 13284, 13285, 13286, 13288, 27895 | ||
| 003 | Arxiu | ||
| 005 | 20260324181509.0 | ||
| 008 | 160829s1972 - 1977 xx 000 0 cat d | ||
| 008 | 160829s9999 xx 000 0 cat d | ||
| 017 | |a B 7754-1973 | ||
| 040 | |a agdb | ||
| 245 | |a Boletín informativo / |c Instituto Provincial de Paleontología de Sabadell | ||
| 246 | |a Butlletí informatiu | ||
| 260 | |a Sabadell : |b el Instituto ; |c 1972 - | ||
| 300 | |a 5 vols. enquadernats ; |b periodicitat: bimestral, semestral (a partir de l'any 1973) ; |c 23 cm. | ||
| 310 | |a Semestral | ||
| 362 | |a Any 1, núm. 1 (novembre/desembre 1969) - Any 13, núms. 1-2 (gener/desembre 1981) | ||
| 590 | |a A la portada: Diputación Provincial de Barcelona. | ||
| 590 | |a Descripció basada en: Año 5, no. 2 (jul.-dic. 1973) | ||
| 650 | |a Paleontologia |x Revistes |9 39581 | ||
| 655 | 0 | |9 55823 |a Revistes | |
| 710 | 1 | |a Barcelona (Catalunya : Província). |b Diputació |9 52408 | |
| 710 | 2 | |a Instituto Provincial de Paleontología de Sabadell |9 71161 | |
| 710 | 2 | |a Institut Paleontològic Miquel Crusafont |9 71158 | |
| 710 | 2 | |a Instituto Provincial de Paleontología de Sabadell |9 71161 | |
| 866 | |a Any 1, núm. 1 (novembre/desembre 1969) - Any 13, núms. 1-2 (gener/desembre 1981) | ||
| 901 | |a Arxiu | ||
| 942 | |n 1 |2 udc |c REV | ||
| 952 | |0 0 |1 0 |2 udc |4 0 |6 REV291 |7 1 |9 49096 |a Arxiu |b Arxiu |d 2016-12-01 |h Any 1, núm. 1 (novembre/desembre 1969) - Any 2, núm. 6 (novembre/desembre 1970) |o Rev-291 |p 13283 |r 2016-12-01 00:00:00 |w 2016-12-01 |y ARXIU | ||
| 952 | |0 0 |1 0 |2 udc |4 0 |6 REV292 |7 1 |9 63931 |a Arxiu |b Arxiu |d 2022-10-04 |h Any 3, núm. 1 (gener/febrer 1971) - Any 4, núm. 6 (novembre/desembre 1972) |l 0 |o Rev-292 |p 13284 |r 2022-10-04 00:00:00 |w 2022-10-04 |y ARXIU | ||
| 952 | |0 0 |1 0 |2 udc |4 0 |6 REV293 |7 1 |9 63932 |a Arxiu |b Arxiu |d 2022-10-04 |h Any 5, núm. 1 (gener/juny 1973) - Any 7, núm. 2 (juliol/desembre 1975) |l 0 |o Rev-293 |p 13285 |r 2022-10-04 00:00:00 |w 2022-10-04 |y ARXIU | ||
| 952 | |0 0 |1 0 |2 udc |4 0 |6 REV294 |7 1 |9 63933 |a Arxiu |b Arxiu |d 2022-10-04 |h Any 8, núm. 1 (gener/juliol 1976) - Any 10, núms. 1-2 (gener/desembre 1978) |l 0 |o Rev-294 |p 13286 |r 2022-10-04 00:00:00 |w 2022-10-04 |y ARXIU | ||
| 952 | |0 0 |1 0 |2 udc |4 0 |6 REV295 |7 1 |9 63934 |a Arxiu |b Arxiu |d 2022-10-04 |h Any 11, núms. 1-2 (gener/desembre 1979) - Any 13, núms. 1-2 (gener/desembre 1981) |l 0 |o Rev-295 |p 13288 |r 2022-10-04 00:00:00 |w 2022-10-04 |y ARXIU | ||
| 952 | |0 0 |1 0 |4 0 |6 REV2116 |7 1 |9 66344 |a Arxiu |b Arxiu |d 2023-05-16 |h Any 4, núm. 4-5 (septembre/octubre 1972)-Any 13, núm. 1-2 (gener/desembre 1981) |o Rev-2116 |p 27895 |r 2023-05-16 00:00:00 |w 2023-05-16 |y ARXIU |z Duplicats | ||
| 999 | |c 52933 |d 52933 | ||